| 000 | 00711cam a22002293a 4500 | ||
|---|---|---|---|
| 001 | 21442 | ||
| 003 | PGUSA | ||
| 005 | 20140828083445.0 | ||
| 008 | 070515s2007||||xxu|||||s|||||000 | eng d | ||
| 040 |
_aPGUSA _beng |
||
| 042 | _adc | ||
| 050 | 4 | _aSB | |
| 100 | 1 | _aSheehan, James | |
| 245 | 1 | 0 |
_aYour Plants : _bPlain and Practical Directions for the Treatment of Tender and Hardy Plants in the House and in the Garden _h[electronic resource] / _cJames Sheehan |
| 260 |
_bProject Gutenberg, _c2007 |
||
| 506 | _aPublic domain in the USA. | ||
| 516 | _aElectronic text | ||
| 653 | _aFlower gardening | ||
| 830 | 0 |
_aProject Gutenberg _v21442 |
|
| 856 | 4 | 0 | _uhttp://www.gutenberg.org/ebooks/21442 |
| 942 | _cEB | ||
| 999 |
_c250697 _d250697 |
||